[Event "Nalchik SKFO-ch"]
[Site "Nalchik"]
[Date "2013.03.19"]
[Round "6"]
[White "Taimaskhanov, Kharun"]
[Black "Bykov, Egor"]
[Result "0-1"]
[WhiteElo "1863"]
[BlackElo "2068"]
[PlyCount "84"]
[EventDate "2013.03.13"]
[EventType "swiss"]
[EventRounds "9"]
[EventCountry "RUS"]
[SourceTitle "CBM 153 Extra"]
[Source "ChessBase"]
[SourceDate "2013.04.22"]
[SourceVersion "1"]
[SourceVersionDate "2013.04.22"]
[SourceQuality "1"]

1. g3 d5 2. Bg2 Nf6 3. d3 b6 4. c4 Bb7 5. Nc3 e6 6. cxd5 Nxd5 7. Nf3 Be7 8. 0-0 Nxc3 9. bxc3 0-0 10. Bb2 c5 11. Rb1 Nc6 12. Qa4 Qd6 13. Nd2 Rfd8 14. f4 Qc7 15. Nf3 Bf6 16. Qc2 Rd7 17. Nd2 Rad8 18. Ne4 Be7 19. f5 exf5 20. Rxf5 g6 21. Rf2 c4 22. d4 f5 23. Nd2 Bg5 24. Nf1 Ne7 25. Bc1 Bxg2 26. Rxg2 Bxc1 27. Rxc1 Nd5 28. Re1 Re7 29. e4 fxe4 30. Rge2 Rde8 31. Nd2 e3 32. Nf3 Qd6 33. Ne5 b5 34. a3 Kg7 35. Qc1 Re6 36. Rf1 Rf6 37. Rfe1 h5 38. Qb2 a6 39. Qc1 Ref8 40. Qb2 Rf2 41. Qc1 Qe6 42. Rxe3 Qh3 0-1